Spell the Marvel Character #278 - Statistics

General Stats
  • This quiz has been taken 14 times
  • The average score is 8 of 9
Answer Stats
Picture Answer % Correct
Captain Marvel
100%
Thor
100%
Ant-Man
93%
Iron Fist
93%
Ms. Marvel
93%
Angel
86%
Yelena Belova
79%
Calamity
71%
Lady Fantomex
57%
No matching quizzes found
Score Distribution
Percent of People with Each Score
Percentile by Number Answered
Your Score History
You have not taken this quiz